Ligue 1 2020/21 - Statistiken

Allgemein
  • Dieses Quiz wurde 112 mal gespielt
  • Das Durchschnittsergebnis liegt bei 13 aus 20
Antwortstatistiken
Position im letzten Jahr Mannschaftsname % Korrekt
1. Platz L1 Paris St. Germain
100%
18. Platz L1 Olmypique Nimes
97%
2. Platz L1 Olympique Marseille
95%
7. Platz L1 Olympique Lyon
93%
4. Platz L1 OSC Lille
93%
9. Platz L1 AS Monaco
84%
3. Platz L1 Stade Rennes
80%
5. Platz L1 OGC Nizza
73%
12. Platz L1 Girondins Bordeaux
72%
13. Platz L1 FC Nantes
64%
2. Platz L2 RC Lens
59%
8. Platz L1 HSC Montpellier
58%
6. Platz L1 Stade Reims
55%
10. Platz L1 Racing Strasbourg
53%
17. Platz L1 AS Saint-Etienne
52%
15. Platz L1 FC Metz
52%
14. Platz L1 Stade Brest
46%
16. Platz L1 FCO Dijon
44%
11. Platz L1 SCO Angers
42%
1. Platz L2 FC Lorient
35%
Keine übereinstimmenden Quizze gefunden
Verteilung der Resultate
Anzahl Personen mit jedem Resultat
Perzentil nach korrekt beantworteten Fragen
Ihre Resultats-Entwicklung
Sie haben dieses Quiz noch nicht gespielt